Alphabetical Animals by first 2 letters - Statistics

General Stats
  • This quiz has been taken 155 times
  • The average score is 11 of 25
Answer Stats
Hint Answer % Correct
An Ant
96%
El Elephant
68%
Ig Iguana
67%
Ja Jaguar
65%
Ze Zebra
64%
Ot Otter
59%
Sn Snake
56%
Ya Yak
56%
Du Duck
55%
Ll Llama
55%
Ti Tiger
52%
Ho Horse
51%
Qu (small bird) Quail
48%
Rh Rhino
47%
Vu Vulture
46%
Be Beaver
39%
Ch Chicken
39%
Ne Newt
39%
Mo Mouse
35%
Ge Gerbil
29%
Pe Pelican
25%
Fi Firefly
18%
Wa Warthog
12%
Ua (primate in South America) Uakari
9%
Ka Kangeroo
6%
No matching quizzes found
Score Distribution
Percent of People with Each Score
Percentile by Number Answered
Your Score History
You have not taken this quiz